000 00323nam a2200145Ia 4500
003 OSt
005 20240305110406.0
008 170524s9999 xx 000 0 und d
020 _a978-1119504306
040 _cIIMT UNIVERSITY
100 _aWeygandt
245 0 _aFinancial Accounting
260 _aWiley
942 _2ddc
_c01
999 _c3155
_d3155